1815: Waterloo

I tiakina i:
Ngā taipitopito rārangi puna kōrero
Kaituhi matua: Houssaye, Henry (Author)
Hōputu: Pukapuka
Reo:Wīwī
I whakaputaina: París Perrin 1898
Putanga:3a. ed
Ngā marau:
Ngā Tūtohu: Tāpirihia he Tūtohu
Kāore He Tūtohu, Me noho koe te mea tuatahi ki te tūtohu i tēnei pūkete!

MARC

LEADER 00000nam a2200000 a 4500
001 UCO4040
003 CL-VaPUC
008 000728e18980000FR |||||||||||||||||fre|d
082 0 4 |a 944.05  |b HOU  |2 21 
100 |a Houssaye, Henry  |e author  |9 570449 
245 1 0 |a 1815: Waterloo 
250 |a 3a. ed 
300 |a 512 p 
942 |c BK 
945 |d 20000728 00:00:00  |a crobeson 
260 |a París  |b Perrin  |c 1898 
600 0 |a Bonaparte, Napoleón   |9 317802 
650 7 |a HISTORIA DE FRANCIA SIGLO 19  |2 CL-VaPUC  |9 345418 
650 7 |a IMPERIO FRANCES  |2 CL-VaPUC  |9 442384 
651 0 |a Francia  |9 255157 
583 |a last modification  |c 20160829 03:59:53  |k Rodrigo Vera 
999 |c 290127  |d 290125 
952 |0 0  |1 0  |4 0  |6 944_050000000000000_HOU_1898  |7 0  |8 X  |9 339353  |a BIBHIS  |b BIBHIS  |d 2019-11-20  |i 1202049  |o 944.05 HOU 1898  |p 1202049  |r 2024-01-30  |w 2019-11-20  |y BK_X  |k HIS